000 00944nam a2200289Ia 4500
003 GCL
008 140319s9999 xx 000 0 ara d
040 _aGCL /
_cGCL
082 0 4 _a001.539
_bد ن
100 1 _aديفلير، ملفين
245 1 0 _aنظريات وسائل الاعلام /
_cديفلير، ملفين
700 1 _aروكيتش، ساندرا بول
700 1 _aكمال عبدالحميد
700 1 _aكمال عبد الرؤوف
260 _a[S.N] :
_bالدار الدولية للنشر والتوزيع ،
_c1992
300 _a482 ص
490 _a
650 0 4 _aالراديو
650 0 4 _aالاتصالات السلكية واللاسلكية
650 0 4 _aالثقافة الجماهيرية
650 0 4 _aالتلغراف
650 0 4 _aالصحافة
650 0 4 _aالاتصال
650 0 4 _aوسائل الاعلام
650 0 4 _aالاعلان بالاذاعة
942 _2ddc
_cBK
999 _c58717
_d58717